000 00967nas a2200313 4500
001 BR2014003728
003 BR-BrBNA
005 20231205124131.0
007 ta
008 230509b bl.|||p| |||| 00| 00por d
040 _aBR-BrBNA
_bpor
_cBiblioteca Nacional de Agricultura
041 _a(Pt)
072 _aP33
100 1 _aFoloni, J.S.
100 1 _aLima, S.L. de
100 1 _aBüll, L.T.
245 1 _aCrescimento aéreo e radicular da soja e de plantas de cobertura em camadas compactadas de solo
650 _aSOJA
650 _aPLANTA DE COBERTURA
650 _aPRENSAGEM
650 _aADUBO VERDE
650 _aROTAÇÃO DE CULTURA
650 _aFÍSICA
650 _aSOLO
773 0 _tRevista Brasileira de Ciência do Solo (Brazil)
_xISSN 0100-0683
_g(Jan-Feb 2006), v. 30(1) p. 49-57
_wBR2014003728
856 4 0 _uhttp://www.scielo.br/pdf/rbcs/v30n1/a06v30n1.pdf
909 _a202311
_bLúcia
_c55
_dLúcia Elande
942 _2AGRIS
_n0
_cANA
999 _c237469
_d237469